000 00362nam a22001337a 4500
020 _qPB.
040 _cFIZZA ISHAQ
082 _a954.904
_bCHU
100 _aALI,MUHAMMAD CHAUDHRI.
_9132734
245 _aTHE EMERGENCE OF PAKISTAN /
_cCHAUDHRI MUHAMMAD ALI.
260 _aPAKISTAN;
_bSERVICE BOOK CLUB,
_c1988.
300 _a418 P. ;
_c8.5X5.4IN
942 _2ddc
_cBK
999 _c615788
_d615788